<?xml version="1.0" encoding="UTF-8"?>
<record
    xmlns:xsi="http://www.w3.org/2001/XMLSchema-instance"
    xsi:schemaLocation="http://www.loc.gov/MARC21/slim http://www.loc.gov/standards/marcxml/schema/MARC21slim.xsd"
    xmlns="http://www.loc.gov/MARC21/slim">

  <leader>00716nam a22001697a 4500</leader>
  <controlfield tag="005">20230927152152.0</controlfield>
  <datafield tag="020" ind1=" " ind2=" ">
    <subfield code="a">9788176674157</subfield>
    <subfield code="c">425.00</subfield>
  </datafield>
  <datafield tag="082" ind1=" " ind2=" ">
    <subfield code="a">&#x909;</subfield>
    <subfield code="2">&#x92A;&#x94D;&#x930;&#x925;&#x92E;</subfield>
  </datafield>
  <datafield tag="100" ind1=" " ind2=" ">
    <subfield code="a">&#x930;&#x942;&#x92A; &#x938;&#x93F;&#x902;&#x939;</subfield>
    <subfield code="9">57566</subfield>
  </datafield>
  <datafield tag="245" ind1=" " ind2=" ">
    <subfield code="a">&#x92C;&#x93E;&#x915;&#x940; &#x938;&#x92B;&#x93E; 5 &#x92A;&#x930;/</subfield>
    <subfield code="c">&#x930;&#x942;&#x92A; &#x938;&#x93F;&#x902;&#x939; &#x92A;&#x902;&#x91C;&#x93E;&#x92C;  &#x938;&#x947; &#x905;&#x928;&#x941;&#x935;&#x93E;&#x926; &#x938;&#x941;&#x92D;&#x93E;&#x937; &#x928;&#x940;&#x930;&#x935;</subfield>
  </datafield>
  <datafield tag="250" ind1=" " ind2=" ">
    <subfield code="a">&#x92A;&#x94D;&#x930;&#x925;&#x92E;</subfield>
  </datafield>
  <datafield tag="260" ind1=" " ind2=" ">
    <subfield code="a">Delhi</subfield>
    <subfield code="b">Bhavna Prakashan</subfield>
    <subfield code="c">2021</subfield>
  </datafield>
  <datafield tag="270" ind1=" " ind2=" ">
    <subfield code="a">109-A, Patparganj Village </subfield>
    <subfield code="b">Delhi</subfield>
    <subfield code="e">110091</subfield>
    <subfield code="m">bhavnaprakashan@gmail.com</subfield>
  </datafield>
  <datafield tag="300" ind1=" " ind2=" ">
    <subfield code="a">200&#x92A;.</subfield>
    <subfield code="b">22&#x938;&#x940;.&#x92E;&#x940;(&#x938;&#x91C;&#x93F;&#x932;&#x94D;&#x926;)</subfield>
  </datafield>
  <datafield tag="942" ind1=" " ind2=" ">
    <subfield code="2">ddc</subfield>
    <subfield code="c">HN</subfield>
    <subfield code="h">&#x909;</subfield>
    <subfield code="m">&#x930;&#x942;&#x92A;&#x938;&#x93F;&#x902;</subfield>
  </datafield>
  <datafield tag="999" ind1=" " ind2=" ">
    <subfield code="c">198615</subfield>
    <subfield code="d">198615</subfield>
  </datafield>
  <datafield tag="952" ind1=" " ind2=" ">
    <subfield code="0">0</subfield>
    <subfield code="1">0</subfield>
    <subfield code="4">0</subfield>
    <subfield code="7">0</subfield>
    <subfield code="8">FIC</subfield>
    <subfield code="a">M</subfield>
    <subfield code="b">M</subfield>
    <subfield code="d">2023-09-27</subfield>
    <subfield code="e">&#x909;&#x92A;&#x939;&#x93E;&#x930;</subfield>
    <subfield code="g">425.00</subfield>
    <subfield code="l">0</subfield>
    <subfield code="o">&#x909; &#x930;&#x942;&#x92A;&#x938;&#x93F;&#x902;</subfield>
    <subfield code="p">B-755870</subfield>
    <subfield code="r">2023-09-27 00:00:00</subfield>
    <subfield code="t">1</subfield>
    <subfield code="v">425.00</subfield>
    <subfield code="w">2023-09-27</subfield>
    <subfield code="y">HN</subfield>
  </datafield>
</record>
